banner koha

Polvilhamento x pulverizacao no controle da ferrugem do cafeeiro (Registro n. 305128)

MARC details
000 -LÍDER
campo de controle de tamanho fixo 01358naa a22003737a 4500
001 - NÚMERO DE CONTROLE
campo de controle BR7310717
003 - IDENTIFICADOR DO NÚMERO DE CONTROLE
campo de controle BR-BrBNA
005 - DATA E HORÁRIO DA ÚLTIMA TRANSAÇÃO
campo de controle 20240918173522.0
007 - CAMPO FIXO DE DESCRIÇÃO FÍSICA--INFORMAÇÃO GERAL
campo de controle de tamanho fixo ta
008 - CAMPO DE DADOS FIXOS--INFORMAÇÃO GERAL
campo de controle de tamanho fixo 230509b bl.||||| |||| 00| 0 por d
040 ## - FONTE DA CATALOGAÇÃO
Instituição da catalogação original BR-BrBNA
Idioma da catalogação por
Instituição que transcreveu o registro Biblioteca Nacional de Agricultura
041 ## - CÓDIGO DE IDIOMA
Código do idioma do texto/trilha sonora ou título diferente (Pt)
072 ## - CÓDIGO DE CATEGORIA DE ASSUNTO
Código de Categoria de Assunto H20
Código do objeto 2120
-- 4120
090 ## - NÚMERO DE CHAMADA LOCAL
Número de chamada H20 BR7310717
100 1# - ENTRADA PRINCIPAL--NOME PESSOAL
Nome pessoal Braga, J.B.R.
100 1# - ENTRADA PRINCIPAL--NOME PESSOAL
Nome pessoal Mariotto, P.R.
100 1# - ENTRADA PRINCIPAL--NOME PESSOAL
Nome pessoal Geraldo Junior, C.
100 1# - ENTRADA PRINCIPAL--NOME PESSOAL
Nome pessoal Silveira, A.P. da
100 1# - ENTRADA PRINCIPAL--NOME PESSOAL
Nome pessoal Arruda, H.V. de
111 1# - ENTRADA PRINCIPAL--NOME DO EVENTO
Nome do evento ou lugar 1. Congresso Brasileiro sobre Pragas e Doencas do Cafeeiro
Local do evento Vitoria, ES (Brazil)
Data do evento ou assinatura do tratado 4 Jul 1973
245 1# - TÍTULO
Título Polvilhamento x pulverizacao no controle da ferrugem do cafeeiro
260 3# - PUBLICAÇÃO, DISTRIBUIÇÃO, ETC.
Local de publicação, distribuição, etc. Rio de Janeiro, GB (Brasil):
Data da publicação, distribuição, etc. 1973.
500 ## - NOTA GERAL
Nota geral Resumos dos trabalhos apresentados no 1. Congresso Brasileiro sobre Pragas e Doencas do Cafeeiro<br/>Rio de Janeiro, GB (Brasil): 1973. p. 52-53<br/>(BR7310717-AM)H20<br/>
650 ## - ASSUNTO--TERMO TÓPICO
Cabeçalho tópico ou nome geográfico CAFE
650 ## - ASSUNTO--TERMO TÓPICO
Cabeçalho tópico ou nome geográfico FUNGO
650 ## - ASSUNTO--TERMO TÓPICO
Cabeçalho tópico ou nome geográfico FERRUGEM ALARANJADA
650 ## - ASSUNTO--TERMO TÓPICO
Cabeçalho tópico ou nome geográfico FUNGICIDA
650 ## - ASSUNTO--TERMO TÓPICO
Cabeçalho tópico ou nome geográfico DEFENSIVO
650 ## - ASSUNTO--TERMO TÓPICO
Cabeçalho tópico ou nome geográfico POLVILHAMENTO
650 ## - ASSUNTO--TERMO TÓPICO
Cabeçalho tópico ou nome geográfico PULVERIZACAO
773 0# - ENTRADA ANALÍTICA
Título Resumos dos trabalhos apresentados no 1. Congresso Brasileiro sobre Pragas e Doencas do Cafeeiro
Número de controle do registro H20 BR7310717
Partes relacionadas Rio de Janeiro, GB (Brasil), 1973. p. 52-53
909 ## -
-- 202404
-- Lucia
-- 55
-- Lucia Elande
942 ## - ELEMENTOS DE ENTRADA ADICIONADOS (KOHA)
Tipo de material Koha Capítulo-Livro
Fonte da classificação ou esquema de arquivamento na estante Classificação AGRIS
Exemplares
Situação do descarte Fonte da classificação ou esquema de arquivamento na estante Situação física Não pode ser emprestado Coleção Biblioteca de origem Biblioteca atual Localização na estante Total de empréstimos Número de telefone completo Data de último acesso Número do exemplar Tipo de material Koha Situação das perdas Data de aquisição Fonte de aquisição
  Classificação AGRIS       Biblioteca Nacional de Agricultura - Binagri Biblioteca Nacional de Agricultura - Binagri Agrobase - Acervo Geral   L01 BR0100190 20/05/2024 01 Capítulo-Livro   2024-04-11 Portaria Interministerial nº 164/94

BINAGRI

Telefone: (61)3218-2567/2388/3357/2097 - binagri@agro.gov.br

Ministério da Agricultura e Pecuária , Esplanada dos Ministérios, Bloco D, Anexo B, Brasília/DF, CEP: 70.043-900